| Tag |
First Indicator |
Second Indicator |
Subfields |
| LEADER |
00000cam a2200000K 4500 |
| 001 |
in00001819081 |
| 005 |
20151026061823.0 |
| 008 |
851224s1965 ru ac 000 0 rus d |
| 035 |
|
|
|a (OCoLC)ocm12953903
|
| 040 |
|
|
|a BUF
|c BUF
|d TXA
|d UtOrBLW
|
| 049 |
|
|
|a TXAM
|
| 090 |
|
|
|a PG3482.8.U65
|b A6 1965
|
| 100 |
1 |
|
|a Kuprii͡anov, Ivan,
|d 1915-
|
| 245 |
1 |
0 |
|a Pʹesy.
|
| 264 |
|
1 |
|a Moskva :
|b Sovetskiĭ pisatel',
|c 1965.
|
| 300 |
|
|
|a 221 pages :
|b illustrations, portrait ;
|c 21 cm.
|
| 336 |
|
|
|a text
|b txt
|2 rdacontent
|
| 337 |
|
|
|a unmediated
|b n
|2 rdamedia
|
| 338 |
|
|
|a volume
|b nc
|2 rdacarrier
|
| 500 |
|
|
|a Russian language.
|
| 500 |
|
|
|a Cyrillic characters.
|
| 500 |
|
|
|a At head of title: Ivan Kuprianov.
|
| 948 |
|
|
|a cataloged
|b h
|c 2004/5/21
|d c
|e tchubaryan
|f 12:04:46 pm
|
| 994 |
|
|
|a E0
|b TXA
|
| 999 |
|
|
|a MARS
|
| 999 |
f |
f |
|s 706c27b6-e5c4-3b50-ae0c-83b8bda21e07
|i ea4519df-8752-3df8-b31b-88aab7664f6f
|t 0
|
| 952 |
f |
f |
|p ric
|a Texas A&M University
|b Rellis Campus
|c Joint Library Facility
|d Remote Storage
|t 0
|e PG3482.8.U65 A6 1965
|h Library of Congress classification
|i unmediated -- volume
|m A14831933699
|
| 998 |
f |
f |
|a PG3482.8.U65 A6 1965
|t 0
|l Remote Storage
|